|
|
|
|
| LEADER |
00000nam a2200000 a 4500 |
| 001 |
UCR8264 |
| 003 |
CL-VaPUC |
| 008 |
980529e19870000CL |||||||||||||||||spa|d |
| 082 |
0 |
4 |
|a 781.62
|b PIZ
|2 21
|
| 100 |
0 |
|
|a Pizarro Soto, Gabriela
|e author
|9 409900
|
| 245 |
1 |
0 |
|a Cuaderno de terreno: apuntes sobre el romance en Chile
|
| 300 |
|
|
|a 108 p
|
| 942 |
|
|
|c BK
|
| 945 |
|
|
|d 19980529 00:00:00
|a rbrito
|
| 260 |
|
|
|a Santiago
|b AEP
|c 1987
|
| 650 |
|
0 |
|a Música folklórica
|9 306412
|
| 650 |
|
0 |
|a Canciones folklóricas
|9 339091
|
| 650 |
|
7 |
|a POESIAS FOLKLORICAS
|2 CL-VaPUC
|9 408688
|
| 650 |
|
0 |
|a Literatura folklórica
|9 306605
|
| 583 |
|
|
|a last modification
|c 19980529 00:00:00
|k Rodrigo Vera
|
| 999 |
|
|
|c 269727
|d 269725
|
| 952 |
|
|
|0 0
|1 0
|4 0
|6 781_620000000000000_PIZ_1987
|7 0
|8 X
|9 303652
|a FDOMLP
|b FDOMLP
|d 2019-11-20
|i 3425665
|o 781.62 PIZ 1987
|p 3425665
|r 2019-11-20
|w 2019-11-20
|y BK_X
|k BU2
|